00270nam a2200121Ia 4500003000400000005001700004008004100021040000900062100001200071245002900083260002800112300000800140OSt20221125104516.0170523s9999 xx 000 0 und d cIIMT aRAMAN M 0aTECHNICAL COMMUNICATION  aNEW DELHIbOXFORDc2011 a665